Loading...
History - Other History | 0 | 8 | 0 | 1 | 80 | 83 | 107.13 | 3 | 8 |
History - European History | 0 | 7 | 0 | 0 | 70 | 22 | 54.29 | 5 | 7 |
Mythology | 0 | 7 | 1 | 0 | 65 | 85 | 110.71 | 7 | 7 |
History - World History | 0 | 4 | 1 | 0 | 35 | 38 | 47.75 | 4 | 4 |
Religion | 0 | 4 | 1 | 0 | 35 | 63 | 90.00 | 2 | 4 |
History - American History | 0 | 3 | 0 | 0 | 30 | 30 | 93.33 | 1 | 3 |
Science - Biology | 0 | 3 | 0 | 0 | 30 | 93 | 106.67 | 1 | 3 |
Current Events | 0 | 2 | 0 | 0 | 20 | 22 | 43.50 | 2 | 2 |
Social Science | 0 | 2 | 1 | 0 | 15 | 43 | 71.00 | 1 | 2 |
Other Academic | 0 | 2 | 1 | 0 | 15 | 52 | 91.50 | 1 | 2 |
Literature - British Literature | 0 | 1 | 0 | 0 | 10 | 71 | 71.00 | 1 | 1 |
Philosophy | 0 | 1 | 0 | 0 | 10 | 52 | 52.00 | 0 | 1 |
Geography | 0 | 1 | 0 | 0 | 10 | 64 | 64.00 | 1 | 1 |
Fine Arts - Painting and Sculpture | 0 | 1 | 0 | 1 | 10 | 137 | 137.00 | 0 | 1 |
Literature - American Literature | 0 | 1 | 0 | 0 | 10 | 120 | 120.00 | 0 | 1 |
Fine Arts - Other Fine Arts | 0 | 1 | 0 | 0 | 10 | 110 | 110.00 | 0 | 1 |
Literature - World Literature | 0 | 1 | 1 | 0 | 5 | 127 | 127.00 | 0 | 1 |
Literature - European Literature | 0 | 0 | 0 | 0 | 0 | 0.00 | 0 | 0 | |
Science - Other Science | 0 | 0 | 1 | 0 | -5 | 0.00 | 0 | 0 |